[Event "Olympiad"]
[Site "masterchessopen.com Elista (Russia)"]
[Round "8"]
[White "Utnasunov Alexander (RUS)"]
[Black "Munoz Sotomayor Hugo (ECU)"]
[Result "0-1"]
[WhiteElo "2155"]
[BlackElo "2290"]

1.d4 Nf6 2.c4 e6 3.Nc3 Bb4 4.e3 O-O 5.Ne2 c5 6.a3 Bxc3+ 7.Nxc3 d6 8.Bd3 Qe7
9.O-O Nc6 10.dxc5 dxc5 11.e4 Rd8 12.f4 Qd6 13.Be2 Qd4+ 14.Kh1 Nxe4 15.Qxd4
Rxd4 16.Nxe4 Rxe4 17.Bd3 Rd4 18.Rd1 b6 19.Be3 Rd8 20.b4 Nd4 21.Be4 Rb8 22.Rab1
Ba6 23.Bd3 Rbc8 24.Kg1 f6 25.Kf2 Rd7 26.Rd2 Rcd8 27.Rbd1 g6 28.Bxd4 Rxd4
29.Ke3 Bb7 30.g3 e5 31.fxe5 fxe5 32.Be2 Kg7 33.bxc5 bxc5 34.Rb2 Bc6 35.Rbd2
Ba4 {#R} 0-1

[Event "Ch England (team) 1997/98"]
[Site "masterchessopen.com England"]
[Round "10"]
[White "Merriman John (ENG)"]
[Black "Littlewood Paul E (ENG)"]
[Result "0-1"]
[WhiteElo "2250"]
[BlackElo "2430"]

1.d4 Nf6 2.c4 e6 3.Nc3 Bb4 4.e3 O-O 5.Ne2 d5 6.a3 Be7 7.cxd5 exd5 8.Ng3 Re8
9.Bd3 c6 10.O-O Bd6 11.Re1 Bg4 12.Qc2 Bxg3 13.hxg3 Nbd7 14.b4 Bh5 15.f3 Nb6
16.g4 Bg6 17.Bxg6 hxg6 18.Qf2 Nc4 19.Qh4 a5 20.Rb1 axb4 21.axb4 b5 22.Re2 Nh7
23.Qh2 f5 24.gxf5 gxf5 25.g4 fxg4 26.fxg4 Qd6 27.Qh4 Qg6 28.e4 dxe4 29.Bf4 e3
30.Rbe1 Ra3 31.Nd1 Re4 {#R} 0-1

[Event "Bundesliga (2nd) South 1998/99"]
[Site "masterchessopen.com Germany"]
[Round "0"]
[White "Trachtmann Mark (GER)"]
[Black "Pezerovic Edin (GER)"]
[Result "0-1"]
[WhiteElo "2314"]
[BlackElo "2445"]

1.d4 Nf6 2.c4 e6 3.Nc3 Bb4 4.e3 O-O 5.Ne2 d5 6.a3 Be7 7.Nf4 c6 8.b3 Nbd7 9.Bb2
Re8 10.Nd3 b6 11.Be2 Bb7 12.O-O dxc4 13.bxc4 c5 14.f4 Rc8 15.Ne5 cxd4 16.exd4
Ne4 17.Nxe4 Bxe4 18.Qa4 Rc7 19.Qb3 Qa8 20.Qg3 Nf6 21.f5 exf5 22.Nxf7 Qc8
23.Ng5 Qd7 24.Rae1 h6 25.Nxe4 Nxe4 26.Qg6 Bf6 27.Rd1 Ng3 28.Bf3 Nxf1 29.Bd5+
Kh8 30.Rxf1 b5 31.cxb5 Re2 32.Bc6 Rxc6 33.bxc6 Qxc6 34.d5 Bd4+ {#R} 0-1

[Event "Oberliga SW 1997/98"]
[Site "masterchessopen.com Germany"]
[Round "0"]
[White "Steinheimer Juergen (GER)"]
[Black "Ripperger Reinhold (GER)"]
[Result "1-0"]
[WhiteElo "2229"]
[BlackElo "2064"]

1.d4 Nf6 2.c4 e6 3.Nc3 Bb4 4.e3 O-O 5.Ne2 d5 6.a3 Be7 7.Ng3 c5 8.cxd5 cxd4
9.exd4 Nxd5 10.Bd3 Nc6 11.O-O Qa5 12.Nce2 Rd8 13.Qc2 Nf6 14.Rd1 Bd7 15.Be3
Rac8 16.b4 Qc7 17.Rac1 Qb8 18.Qb3 a6 19.Nc3 Na7 20.d5 exd5 21.Nf5 Nc6 22.Bb6
Re8 23.Nxd5 Nxd5 24.Qxd5 Be6 25.Qe4 Bf6 26.Rxc6 Rxc6 27.Ne7+ Kf8 28.Nxc6 bxc6
29.Bc4 Be7 30.Bd4 g6 31.Qe3 Kg8 32.Bxa6 Bf5 33.Re1 Qa8 34.Bc4 h5 35.Qe5 {#r}
1-0

[Event "VK4 Ruhrgebiet 1998/99"]
[Site "masterchessopen.com Germany"]
[Round "4"]
[White "Kaehmann Joerg (GER)"]
[Black "Friedrichs Klaus (GER)"]
[Result "1-0"]
[WhiteElo "2244"]
[BlackElo "2105"]

1.d4 Nf6 2.c4 e6 3.Nc3 Bb4 4.e3 O-O 5.Ne2 d5 6.a3 Be7 7.Nf4 c6 8.Bd3 Nbd7
9.O-O dxc4 10.Bxc4 e5 11.Bxf7+ Rxf7 12.Ne6 Qa5 13.b4 Bxb4 14.axb4 Qxb4 15.Qc2
exd4 16.exd4 Nb6 17.Ba3 Qc4 18.Ng5 Nbd5 19.Rfe1 Bd7 20.Nxf7 Kxf7 21.Rac1 Re8
22.Rxe8 Bxe8 23.Ne4 Qxc2 24.Nd6+ Ke6 25.Rxc2 Bg6 26.Re2+ {#r} 1-0

[Event "Ch Nordnorsk"]
[Site "masterchessopen.com Norway"]
[Round "6"]
[White "Roelvaag Mikael (NOR)"]
[Black "Walseth Tron (NOR)"]
[Result "1-0"]
[WhiteElo "2201"]
[BlackElo "2022"]

1.d4 Nf6 2.c4 e6 3.Nc3 Bb4 4.e3 O-O 5.Ne2 d5 6.a3 Be7 7.cxd5 exd5 8.g3 c6
9.Bg2 Bf5 10.O-O Nbd7 11.f3 Nb6 12.e4 dxe4 13.fxe4 Bg4 14.h3 Bh5 15.g4 Bg6
16.Nf4 Qd7 17.a4 Rad8 18.a5 Nc4 19.Nxg6 hxg6 20.Ne2 b6 21.axb6 Nxb6 22.Qc2
Rfe8 23.Bf4 g5 24.Bg3 Bf8 25.Ra5 Be7 26.Rfa1 Qe6 27.b3 Nc8 28.Ra6 Bb4 29.Rxc6
Qe7 30.Rc7 Qe6 31.Rc6 Qe7 32.e5 Nd5 33.Bxd5 {#r} 1-0

[Event "Cup Mitropa"]
[Site "masterchessopen.com Portoroz (Slovenia)"]
[Round "2"]
[White "Benitah Yohan (FRA)"]
[Black "Nikolac Juraj (CRO)"]
[Result "0-1"]
[WhiteElo "2350"]
[BlackElo "2450"]

1.d4 Nf6 2.c4 e6 3.Nc3 Bb4 4.e3 O-O 5.Ne2 Re8 6.a3 Bf8 7.d5 exd5 8.cxd5 c5
9.g3 d6 10.Bg2 Nbd7 11.O-O a6 12.h3 g6 13.g4 c4 14.b3 cxb3 15.Qxb3 Nc5 16.Qc2
Bg7 17.Rb1 h5 18.f3 hxg4 19.hxg4 Nfd7 20.e4 Ne5 21.Be3 Nc4 22.Bc1 Bd7 23.Qa2
Ne5 24.Be3 Rc8 25.Bd4 Qh4 26.Bf2 Qh6 27.Rb6 Ncd3 28.Rxb7 Bxg4 29.Bd4 Bh3 30.f4
Ng4 31.Bxg7 Kxg7 32.Rf3 Bxg2 33.Kxg2 Qh2+ 34.Kf1 Ne3+ {#R} 0-1

[Event "Tournament (team)"]
[Site "masterchessopen.com Romania"]
[Round "9"]
[White "Urcan Olimpiu (ROM)"]
[Black "Ene Ionut (ROM)"]
[Result "1-0"]
[WhiteElo "2050"]
[BlackElo "1936"]

1.d4 Nf6 2.c4 e6 3.Nc3 Bb4 4.e3 O-O 5.Ne2 b6 6.a3 Bxc3+ 7.Nxc3 Bb7 8.Qc2 Qe7
9.e4 c5 10.dxc5 Qxc5 11.Be3 Qc7 12.Be2 d5 13.Nb5 Qe7 14.e5 Ne8 15.O-O Nd7
16.f4 a6 17.Nc3 Rc8 18.cxd5 exd5 19.Bd3 g6 20.Nxd5 Qe6 21.Nc3 Ng7 22.Rad1 Rfd8
23.Qf2 Nc5 24.Bxc5 bxc5 25.Be4 Bxe4 26.Nxe4 Rxd1 27.Nf6+ Kh8 28.Rxd1 Nf5 29.g4
Nd4 30.Rd3 Kg7 31.b4 Nb3 32.bxc5 Rxc5 33.Qe3 Rb5 34.Rd8 Qb6 35.Rg8+ Kh6 36.g5#
1-0

[Event "Ch Spain (team)"]
[Site "masterchessopen.com Salamanca (Spain)"]
[Round "9"]
[White "Paramos Dominguez Roberto (ESP)"]
[Black "Gomez Jurado Luis Alberto (ESP)"]
[Result "1-0"]
[WhiteElo "2435"]
[BlackElo "2365"]

1.d4 Nf6 2.c4 e6 3.Nc3 Bb4 4.e3 O-O 5.Ne2 d5 6.a3 Be7 7.cxd5 Nxd5 8.g3 Nxc3
9.Nxc3 c5 10.d5 exd5 11.Nxd5 Nc6 12.Bg2 Be6 13.O-O Rc8 14.b3 Na5 15.Bb2 c4
16.Qd4 Bf6 17.Nxf6+ Qxf6 18.Qxf6 gxf6 19.bxc4 Kg7 20.c5 Nb3 21.Rad1 Nxc5
22.Rd4 Kg6 23.f4 f5 24.g4 fxg4 25.f5+ Bxf5 26.Rd5 Na4 27.Bd4 {#r} 1-0

[Event "Ch Sweden (team) 1998/99"]
[Site "masterchessopen.com Sweden"]
[Round "4"]
[White "Eriksson Johan (SWE)"]
[Black "Kinnmark Ove (SWE)"]
[Result "1-0"]
[WhiteElo "2385"]
[BlackElo "2279"]

1.d4 Nf6 2.c4 e6 3.Nc3 Bb4 4.e3 O-O 5.Ne2 d6 6.a3 Bxc3+ 7.Nxc3 Qe7 8.Bd3 e5
9.O-O c6 10.Bc2 d5 11.cxd5 cxd5 12.e4 dxe4 13.Bg5 Nbd7 14.Nxe4 h6 15.Bh4 g5
16.Bg3 Nxe4 17.Bxe4 Qf6 18.Rc1 exd4 19.Re1 Kg7 20.Bb1 Qb6 21.Bc7 Qf6 22.Rc4
Kg8 23.Rxd4 Qc6 24.Qd3 Nf6 25.Rd6 Qxc7 26.Rxf6 Kg7 27.Qh7+ {#r} 1-0

[Event "Ch Belgium (team) 1998/99"]
[Site "masterchessopen.com Belgium"]
[Round "7"]
[White "Tolk Peter (NED)"]
[Black "Chuchelov Vladimir (BEL)"]
[Result "0-1"]
[WhiteElo "2290"]
[BlackElo "2533"]

1.d4 Nf6 2.c4 e6 3.Nc3 Bb4 4.e3 O-O 5.Ne2 d5 6.a3 Be7 7.cxd5 exd5 8.b4 c6
9.Ng3 Re8 10.Bd3 a5 11.b5 Nbd7 12.O-O c5 13.Nf5 Bf8 14.dxc5 Nxc5 15.Nd4 Bg4
16.Be2 Bxe2 17.Ncxe2 Nce4 18.Nf4 Bd6 19.g3 Qd7 20.Qf3 a4 21.Rd1 Nc3 22.Rd3
Bxf4 23.Qxf4 Re4 24.Qf5 Ne2+ 25.Kf1 Nxd4 26.Qxd7 Nxd7 27.exd4 Rc8 28.Bd2 Nb6
29.Rb1 f6 30.Bb4 Rc2 31.Re1 Nc4 32.Rdd1 Kf7 33.Rxe4 dxe4 34.Ke1 Nb2 35.Rd2
Nd3+ 36.Kd1 Rc1+ {#R} 0-1

[Event "It (cat.7)"]
[Site "masterchessopen.com Budapest (Hungary)"]
[Round "4"]
[White "Bu Xiangzhi (CHN)"]
[Black "Lengyel Levente (HUN)"]
[Result "1-0"]
[WhiteElo "2465"]
[BlackElo "2312"]

1.d4 Nf6 2.c4 e6 3.Nc3 Bb4 4.e3 O-O 5.Ne2 d5 6.a3 Be7 7.cxd5 exd5 8.Nf4 c6
9.Bd3 a5 10.h3 Na6 11.O-O Nc7 12.Qc2 Ne6 13.Nfe2 Bd6 14.Bd2 Re8 15.Rad1 Ng5
16.f3 h6 17.e4 c5 18.Nxd5 Nxd5 19.dxc5 Bf8 20.exd5 Qxd5 21.b4 axb4 22.axb4 Qa2
23.Qxa2 Rxa2 24.Nd4 Rd8 25.Bc4 Ra8 26.Bc3 Ne6 27.Nb3 {#r} 1-0

[Event "Ch Provincial (1/2 final)"]
[Site "masterchessopen.com Cuba"]
[Round "0"]
[White "Bezanilla Alexis (CUB)"]
[Black "Ibanez Dagoberto (CUB)"]
[Result "0-1"]
[WhiteElo "2284"]
[BlackElo "2240"]

1.d4 Nf6 2.c4 e6 3.Nc3 Bb4 4.e3 O-O 5.Ne2 d5 6.a3 Be7 7.cxd5 exd5 8.Nf4 c6
9.Bd3 Nbd7 10.O-O Re8 11.f3 Nf8 12.Bc2 Ng6 13.Nxg6 hxg6 14.e4 Be6 15.Kh1 Qd7
16.Be3 Rad8 17.b4 a5 18.Rb1 axb4 19.axb4 b5 20.e5 Nh7 21.Ne2 Ra8 22.Nc1 Ra3
23.Nd3 Bf5 24.Bc1 Ra2 25.g4 Be6 26.Bb3 Ra6 27.Nc5 Bxc5 28.bxc5 Rea8 29.h3 Qe7
30.f4 Qh4 31.Qf3 f5 32.Rf2 fxg4 {#R} 0-1

[Event "It (open)"]
[Site "masterchessopen.com Dubai (United Arab Emirates)"]
[Round "1"]
[White "Guliev Sarhan (AZE)"]
[Black "Abdel Rahim Mohamed (UAE)"]
[Result "1-0"]
[WhiteElo "2477"]
[BlackElo "2092"]

1.d4 Nf6 2.c4 e6 3.Nc3 Bb4 4.e3 O-O 5.Ne2 b6 6.a3 Be7 7.d5 e5 8.Ng3 d6 9.Bd3
Nbd7 10.b4 Re8 11.O-O Bf8 12.f4 g6 13.f5 Bg7 14.e4 Bb7 15.Ra2 c6 16.dxc6 Bxc6
17.Raf2 Rf8 18.h3 Qc8 19.Nd5 Bxd5 20.cxd5 a5 21.Rc2 Qb7 22.Bb5 Rac8 23.Bc6 Qa7
24.Qd3 Nb8 25.Be3 Rc7 26.Rfc1 Rfc8 27.Qb5 Nfd7 28.bxa5 Qxa5 29.Qxa5 {#r} 1-0

[Event "It (open)"]
[Site "masterchessopen.com Dubai (United Arab Emirates)"]
[Round "7"]
[White "Guliev Sarhan (AZE)"]
[Black "Arkhipov Sergey (RUS)"]
[Result "0-1"]
[WhiteElo "2477"]
[BlackElo "2535"]

1.d4 Nf6 2.c4 e6 3.Nc3 Bb4 4.e3 O-O 5.Ne2 d5 6.a3 Bd6 7.c5 Be7 8.Nf4 b6 9.b4
c6 10.Be2 a5 11.Bd2 Nbd7 12.O-O Ba6 13.Nd3 Qc7 14.f4 axb4 15.axb4 Bc4 16.Qc2
Rfb8 17.Rfb1 Qb7 18.Bf3 Ne8 19.Ne5 Nxe5 20.fxe5 Ra6 21.e4 Nc7 22.Na4 Nb5
23.Bc3 bxc5 24.bxc5 Qa7 25.Bb2 Bg5 26.Re1 Ra8 27.Bd1 Nc7 28.exd5 exd5 29.Qf5
Bd2 30.Be2 g6 31.Qf6 Ne8 32.Qf2 Bxe1 33.Qxe1 Bb5 {#R} 0-1

[Event "Oberliga East A 1999/00"]
[Site "masterchessopen.com Germany"]
[Round "3"]
[White "Neyman Igor (GER)"]
[Black "Winterfeld Dirk (GER)"]
[Result "1-0"]
[WhiteElo "2286"]
[BlackElo "2180"]

1.d4 Nf6 2.c4 e6 3.Nc3 Bb4 4.e3 O-O 5.Ne2 d5 6.a3 Bxc3+ 7.Nxc3 b6 8.Bd3 Bb7
9.O-O Nbd7 10.b4 dxc4 11.Bxc4 c5 12.Bb2 Qe7 13.Qe2 cxd4 14.exd4 Qd6 15.Rfd1
Rac8 16.Bb3 Rfd8 17.Rac1 Nf8 18.Qe5 a6 19.Qxd6 Rxd6 20.f3 Ng6 21.Ne4 Nxe4
22.Rxc8+ Bxc8 23.fxe4 Bb7 24.Bc2 Kf8 25.Kf2 Ne7 26.Ke3 Rd8 27.g3 Nc8 28.Bd3
Nd6 29.Rc1 Rc8 30.Rxc8+ Nxc8 31.a4 Nd6 32.b5 axb5 33.Ba3 {#r} 1-0

[Event "It (open)"]
[Site "masterchessopen.com Jarvenpaa (Finland)"]
[Round "2"]
[White "Kauppila Osmo (FIN)"]
[Black "Veingold Aleksandr (EST)"]
[Result "1-0"]
[WhiteElo "2293"]
[BlackElo "2460"]

1.d4 Nf6 2.c4 e6 3.Nc3 Bb4 4.e3 O-O 5.Ne2 d5 6.a3 Be7 7.Nf4 c6 8.Bd3 Nbd7
9.O-O dxc4 10.Bxc4 e5 11.Nfe2 Qc7 12.Qc2 Bd6 13.Ng3 Re8 14.Rd1 Nb6 15.Ba2 Bg4
16.f3 exd4 17.Rxd4 Bxg3 18.hxg3 Qxg3 19.fxg4 Qe1+ 20.Kh2 Rad8 21.Rf4 Re5
22.Qe2 Qh4+ 23.Kg1 Rg5 24.Qf2 Qh6 25.e4 Nbd7 26.Rf5 Nxg4 27.Qg3 Ne3 28.Bxe3
Rxg3 29.Bxh6 gxh6 30.Rxf7 Kh8 31.Rd1 {#r} 1-0

[Event "Memorial I.Platonov"]
[Site "masterchessopen.com Kiev (Ukraine)"]
[Round "0"]
[White "Guliev Sarhan (AZE)"]
[Black "Zontakh Andrey (UKR)"]
[Result "0-1"]
[WhiteElo "2477"]
[BlackElo "2535"]

1.d4 Nf6 2.c4 e6 3.Nc3 Bb4 4.e3 O-O 5.Ne2 d5 6.Ng3 c5 7.a3 Ba5 8.dxc5 Bxc3+
9.bxc3 Nbd7 10.cxd5 Nxc5 11.Be2 Nxd5 12.Bd2 Bd7 13.a4 a5 14.O-O Nb6 15.Bb5
Bxb5 16.axb5 Qd3 17.Qe2 Rfd8 18.Ra2 Nc4 19.Bc1 a4 20.Ba3 Nxa3 21.Rxa3 Qxe2
22.Nxe2 Rd2 23.Nd4 f6 24.f4 e5 25.fxe5 fxe5 26.Nf3 Rb2 27.c4 e4 28.Nd4 Rf8
29.Nf5 g6 30.Ne7+ Kg7 31.Nd5 Rxf1+ 32.Kxf1 Kf7 33.Nb6 Rb3 34.Ra1 a3 35.Nd5 Nd3
36.b6 a2 {#R} 0-1

[Event "It (open)"]
[Site "masterchessopen.com Korinthos (Greece)"]
[Round "3"]
[White "Mamedova Rena (GER)"]
[Black "Papaioannou Ioannis (GRE)"]
[Result "0-1"]
[WhiteElo "2352"]
[BlackElo "2561"]

1.d4 Nf6 2.c4 e6 3.Nc3 Bb4 4.e3 O-O 5.Ne2 d5 6.a3 Be7 7.cxd5 exd5 8.b4 c6
9.Ng3 b5 10.Bd2 a5 11.bxa5 Rxa5 12.Qb3 Na6 13.Nb1 b4 14.Bxa6 Bxa6 15.Nf5 c5
16.Nxe7+ Qxe7 17.dxc5 Bc4 18.Qb2 Qe4 19.Rg1 Nd7 20.f3 Qh4+ 21.Kd1 Qxh2 22.Re1
Nxc5 23.Bxb4 Nd3 24.Qc3 Nxb4 25.Qxb4 Rb5 26.Qc3 Rb3 27.Qc2 Qe5 28.Ra2 Rd3+
29.Nd2 Rb8 30.f4 Qf6 {#R} 0-1

[Event "It (cat.3)"]
[Site "masterchessopen.com London (England)"]
[Round "1"]
[White "Bekker-Jensen David (DEN)"]
[Black "Anderton Matthew (ENG)"]
[Result "1-0"]
[WhiteElo "2264"]
[BlackElo "2216"]

1.d4 Nf6 2.c4 e6 3.Nc3 Bb4 4.e3 O-O 5.Ne2 d5 6.a3 Be7 7.cxd5 exd5 8.Nf4 b6
9.Bd3 Bb7 10.O-O Re8 11.f3 a6 12.Bc2 c5 13.g4 h6 14.Rf2 Bd6 15.Nfe2 Nc6 16.Rg2
b5 17.h4 Nh7 18.Qd3 Nf8 19.g5 hxg5 20.hxg5 Ne7 21.f4 Bc8 22.Ng3 Qd7 23.Bd2
cxd4 24.exd4 Neg6 25.Rf1 Bc7 26.f5 Ne7 27.Nh5 Bb6 28.Ne2 Nxf5 29.Rxf5 Qxf5
30.Qxf5 Bxf5 31.Bxf5 Rxe2 32.Rxe2 Bxd4+ 33.Be3 Re8 34.Kf2 Rxe3 35.Rxe3 Nh7
{#r} 1-0

[Event "Cup Russia (open)"]
[Site "masterchessopen.com Novgorod (Russia)"]
[Round "9"]
[White "Graf Alexander (GER)"]
[Black "Dokutchaev A (RUS)"]
[Result "1-0"]
[WhiteElo "2584"]
[BlackElo "2425"]

1.d4 Nf6 2.c4 e6 3.Nc3 Bb4 4.e3 O-O 5.Ne2 d5 6.a3 Be7 7.Ng3 c5 8.dxc5 Bxc5
9.b4 Be7 10.Bb2 Nc6 11.Qc2 Bd7 12.Rd1 Rc8 13.Qb3 Qb6 14.cxd5 exd5 15.Bd3 Be6
16.Na4 Qc7 17.O-O d4 18.Qc2 a5 19.exd4 axb4 20.d5 b3 21.Qe2 Nxd5 22.Bxh7+ Kxh7
23.Rxd5 Bxd5 24.Qh5+ Kg8 25.Bxg7 Kxg7 26.Nf5+ Kf6 27.Ne3 Be6 28.Qh6+ Ke5
29.Re1 Nd4 30.Qg7+ Bf6 31.Qg3+ Ke4 32.f3+ Kd3 33.Nb2+ {#r} 1-0

[Event "Ch Poland (team) (2nd liga)"]
[Site "masterchessopen.com Polanica Zdroj (Poland)"]
[Round "4"]
[White "Kowzan Piotr (POL)"]
[Black "Sladkowski Stanislaw (POL)"]
[Result "1-0"]
[WhiteElo "2110"]
[BlackElo "2165"]

1.d4 e6 2.c4 Nf6 3.Nc3 Bb4 4.e3 O-O 5.Ne2 Re8 6.a3 Bf8 7.Ng3 d6 8.Bd3 e5 9.O-O
a5 10.f4 exd4 11.exd4 d5 12.cxd5 c6 13.Nge4 Nxd5 14.Ng5 Nf6 15.Bc4 Re7 16.Qd3
h6 17.Nf3 Be6 18.Bd2 Na6 19.Be1 Bxc4 20.Qxc4 Rd7 21.Ne5 Rc7 22.Rd1 Nc5 23.dxc5
{#r} 1-0

[Event "It (open)"]
[Site "masterchessopen.com Polanica Zdroj (Poland)"]
[Round "4"]
[White "Bednarski Jacek B (POL)"]
[Black "Richter Michael (GER)"]
[Result "0-1"]
[WhiteElo "2277"]
[BlackElo "2410"]

1.d4 Nf6 2.c4 e6 3.Nc3 Bb4 4.e3 O-O 5.Ne2 d5 6.a3 Be7 7.Ng3 Nbd7 8.cxd5 exd5
9.Nf5 Re8 10.Nxe7+ Qxe7 11.Bd3 c6 12.O-O a5 13.Bc2 b5 14.Re1 Bb7 15.Bd2 Qd6
16.Ne2 Nf8 17.Ng3 g6 18.b4 a4 19.f3 h5 20.Nf1 Re7 21.Re2 Rae8 22.Be1 Bc8
23.Bg3 Qd8 24.Qd2 Ne6 25.Be5 Nh7 26.Kh1 Rf8 27.Qc3 f6 28.Bg3 g5 29.Qxc6 Nxd4
30.exd4 Rxe2 31.Bd3 Re6 32.Qc2 Qe7 33.Bxb5 h4 34.Bf2 f5 35.Bxa4 Re2 36.Qc6
Rxf2 {#R} 0-1

[Event "Ch Switzerland (team)"]
[Site "masterchessopen.com Switzerland"]
[Round "0"]
[White "Moor Olivier (SUI)"]
[Black "Masserey Yvan (SUI)"]
[Result "1-0"]
[WhiteElo "2313"]
[BlackElo "2329"]

1.d4 Nf6 2.c4 e6 3.Nc3 Bb4 4.e3 O-O 5.Ne2 d5 6.a3 Bd6 7.Ng3 Re8 8.Bd3 c6 9.O-O
e5 10.cxd5 cxd5 11.Nb5 e4 12.Nxd6 Qxd6 13.Be2 Nc6 14.a4 Be6 15.Bd2 Qd7 16.b4
Bg4 17.Bxg4 Nxg4 18.b5 Ne7 19.Bb4 Ng6 20.Rc1 Rac8 21.Rc5 Nh4 22.Qc2 Rxc5
23.Qxc5 Rc8 24.Qe7 Qxe7 25.Bxe7 Ng6 26.Nf5 Rc7 27.Bc5 b6 28.Bd6 Rc4 29.h3 Nf6
30.Ra1 Ne8 31.Bb8 f6 32.Bxa7 Kf7 33.Bxb6 {#r} 1-0

[Event "It (open)"]
[Site "masterchessopen.com Vammala (Finland)"]
[Round "2"]
[White "Mertanen Janne (FIN)"]
[Black "Saastamoinen Aarne (FIN)"]
[Result "1-0"]
[WhiteElo "2184"]
[BlackElo "2179"]

1.d4 Nf6 2.c4 e6 3.Nc3 Bb4 4.e3 O-O 5.Ne2 d5 6.a3 Be7 7.cxd5 exd5 8.g3 Re8
9.Bg2 c6 10.O-O Bf5 11.f3 Bf8 12.g4 Bd7 13.h3 h6 14.e4 Na6 15.e5 Nh7 16.f4 f5
17.gxf5 Bxf5 18.Ng3 g6 19.Nxf5 gxf5 20.Qh5 Qd7 21.Nd1 Bg7 22.Ne3 Rf8 23.h4 Rf7
24.Bh3 Raf8 25.Bd2 Qe6 26.Kh2 c5 27.Bc3 b6 28.Rg1 cxd4 29.Bxd4 Nc5 30.Rg6 Qd7
31.Bxc5 {#r} 1-0

[Event "It (open)"]
[Site "masterchessopen.com Washington (USA)"]
[Round "4"]
[White "Figler Ilye (USA)"]
[Black "Tate Emory (USA)"]
[Result "1-0"]
[WhiteElo "2378"]
[BlackElo "2329"]

1.d4 Nf6 2.c4 e6 3.Nc3 Bb4 4.e3 O-O 5.Ne2 Ne4 6.Bd2 Nxd2 7.Qxd2 Nc6 8.a3 Bxc3
9.Nxc3 d6 10.Be2 e5 11.O-O f5 12.f4 e4 13.b4 Ne7 14.Rab1 Bd7 15.a4 Rf7 16.a5
Kh8 17.d5 Ng8 18.c5 Qf6 19.Bc4 Ne7 20.Rfd1 Rg8 21.Qd4 Qxd4 22.Rxd4 g5 23.c6
Bc8 24.Nb5 gxf4 25.Nxa7 Rfg7 26.Nxc8 Nxc8 27.cxb7 Na7 28.Bf1 fxe3 29.Re1 c5
30.dxc6 Nxc6 31.Rxd6 Ne5 32.Rxe3 Nc4 33.Rd7 Rxd7 34.Bxc4 Rd1+ 35.Kf2 Rb8 36.a6
{#r} 1-0

[Event "It (open)"]
[Site "masterchessopen.com Bad Wiessee (Germany)"]
[Round "7"]
[White "Epishin Vladimir (GER)"]
[Black "Gross David (GER)"]
[Result "1-0"]
[WhiteElo "2567"]
[BlackElo "2484"]

1.d4 Nf6 2.c4 e6 3.Nc3 Bb4 4.e3 O-O 5.Ne2 d5 6.a3 Be7 7.cxd5 Nxd5 8.Bd2 Nd7
9.Qc2 c5 10.Rd1 N5f6 11.g3 b6 12.Bg2 Rb8 13.O-O Bb7 14.e4 cxd4 15.Nxd4 a6
16.Rfe1 Qc7 17.Nd5 Nxd5 18.exd5 Qxc2 19.Nxc2 Bf6 20.Bf4 e5 21.Be3 a5 22.a4
Rfc8 23.Na3 Nc5 24.Bxc5 Rxc5 25.Nb5 Rd8 26.d6 Bxg2 27.Kxg2 Kf8 28.Rc1 Rdc8
29.Nc7 Bd8 30.Rxc5 bxc5 31.Rxe5 {#r} 1-0

[Event "It (open)"]
[Site "masterchessopen.com Biel (Switzerland)"]
[Round "1"]
[White "Kleinhenz Hans-Georg (GER)"]
[Black "Mateo Ramon (DOM)"]
[Result "0-1"]
[WhiteElo "2041"]
[BlackElo "2371"]

1.d4 Nf6 2.c4 e6 3.Nc3 Bb4 4.e3 O-O 5.Ne2 d5 6.a3 Bxc3+ 7.Nxc3 b6 8.Be2 c5
9.O-O cxd4 10.exd4 dxc4 11.Bxc4 Bb7 12.Bg5 Nc6 13.d5 Ne5 14.Ba2 h6 15.Bh4 Ng6
16.Bxf6 Qxf6 17.dxe6 Rad8 18.Qg4 Rd4 19.exf7+ Kh8 20.Qe6 Qg5 21.Qh3 Bxg2 {#R}
0-1

[Event "Cup Russia (open)"]
[Site "masterchessopen.com Bor (Russia)"]
[Round "4"]
[White "Pres Grigorij (RUS)"]
[Black "Balashov Yuri S (RUS)"]
[Result "0-1"]
[WhiteElo "2356"]
[BlackElo "2575"]

1.d4 Nf6 2.c4 e6 3.Nc3 Bb4 4.e3 O-O 5.Ne2 d5 6.a3 Be7 7.cxd5 Nxd5 8.Nxd5 exd5
9.Nf4 c6 10.Bd3 Nd7 11.O-O Re8 12.Bd2 Bd6 13.Qf3 Nf6 14.h3 Ne4 15.Rad1 Qf6
16.Bc1 Bd7 17.Rfe1 Rad8 18.Be2 Ng5 19.Qg3 Qh6 20.h4 Ne4 21.Qh2 g5 22.f3 gxf4
23.fxe4 f3 {#R} 0-1

[Event "Cup North Sea (cat.14)"]
[Site "masterchessopen.com Esbjerg (Denmark)"]
[Round "1"]
[White "Gurevich Mikhail (TUR)"]
[Black "Nielsen Peter Heine (DEN)"]
[Result "1-0"]
[WhiteElo "2667"]
[BlackElo "2578"]

1.d4 Nf6 2.c4 e6 3.Nc3 Bb4 4.e3 O-O 5.Ne2 d5 6.cxd5 exd5 7.g3 Re8 8.Bg2 c6
9.O-O Bd6 10.Qc2 a6 11.Kh1 h5 12.f3 h4 13.gxh4 Nh5 14.e4 dxe4 15.Bg5 Be7
16.fxe4 Bxg5 17.hxg5 c5 18.Bf3 Qxg5 19.Rg1 Qh4 20.Nd5 Nf6 21.Nef4 Nxd5 22.Nxd5
Nc6 23.Qxc5 Be6 24.Nc7 Qf6 25.Raf1 Bh3 26.Rxg7+ Kh8 27.Rg3 {#r} 1-0

[Event "Ch Finland (team) 2000/01"]
[Site "masterchessopen.com Finland"]
[Round "5"]
[White "Salo Heikki (FIN)"]
[Black "Leino Jukka (FIN)"]
[Result "1-0"]
[WhiteElo "2263"]
[BlackElo "2220"]

1.d4 Nf6 2.c4 e6 3.Nc3 Bb4 4.e3 O-O 5.Ne2 Ne4 6.Qc2 d5 7.a3 Bxc3+ 8.Nxc3 Nxc3
9.Qxc3 c6 10.Bd3 Nd7 11.O-O Qe7 12.e4 dxc4 13.Bxc4 e5 14.Be3 exd4 15.Bxd4 Qg5
16.f4 Qh6 17.Rf3 Nf6 18.Re1 Re8 19.e5 Nd5 20.Bxd5 cxd5 21.f5 Bd7 22.e6 fxe6
23.Bxg7 Qh4 24.Bf6 d4 25.Bxd4 Rac8 26.Rg3+ Kf8 27.Bc5+ {#r} 1-0

[Event "It (open)"]
[Site "masterchessopen.com France"]
[Round "9"]
[White "Petit Eric-Thierry (FRA)"]
[Black "Foisor Ovidiu Doru (ROM)"]
[Result "1-0"]
[WhiteElo "2168"]
[BlackElo "2404"]

1.d4 Nf6 2.c4 e6 3.Nc3 Bb4 4.e3 O-O 5.Ne2 d5 6.a3 Be7 7.cxd5 exd5 8.Nf4 c6
9.g3 Bd6 10.Nd3 Re8 11.Bg2 Bf5 12.O-O Na6 13.f3 c5 14.Ne2 h5 15.h3 c4 16.Nf2
Nc7 17.g4 hxg4 18.hxg4 Bd7 19.Nh1 b5 20.Nf4 a5 21.Ng3 Ra6 22.Kf2 g5 23.Nfh5
Nxh5 24.Nxh5 f5 25.gxf5 Bxf5 26.Rg1 Be7 27.f4 Rg6 28.Ng3 Qd7 29.Qh5 Rf8 30.Bh3
gxf4 31.Nxf5 fxe3+ 32.Bxe3 {#r} 1-0

[Event "Bayern Regionalliga Southeast 2000/01"]
[Site "masterchessopen.com Germany"]
[Round "5"]
[White "Hahn Winfried Prof Dr (GER)"]
[Black "Taeger Winfried (GER)"]
[Result "0-1"]
[WhiteElo "2082"]
[BlackElo "2288"]

1.d4 Nf6 2.c4 e6 3.Nc3 Bb4 4.e3 O-O 5.Ne2 d5 6.a3 Be7 7.Nf4 a6 8.cxd5 exd5
9.Bd3 c6 10.O-O Re8 11.Qc2 Nbd7 12.Bd2 Nf8 13.Bf5 Bd6 14.g3 Ne6 15.Nxe6 fxe6
16.Bh3 e5 17.Bxc8 Qxc8 18.dxe5 Rxe5 19.f3 Qh3 20.Rae1 Rae8 21.Nd1 Rh5 22.Bc1
Bxg3 {#R} 0-1

[Event "Ch Germany (juniors) (under 18)"]
[Site "masterchessopen.com Germany"]
[Round "3"]
[White "Neyman Igor (GER)"]
[Black "Regert Christian (GER)"]
[Result "1-0"]
[WhiteElo "2255"]
[BlackElo "2160"]

1.c4 Nf6 2.d4 e6 3.Nc3 Bb4 4.e3 O-O 5.Ne2 d5 6.a3 Bd6 7.c5 Be7 8.b4 b6 9.Ng3
a5 10.Bd2 Bb7 11.f4 Ne4 12.Ngxe4 dxe4 13.Be2 Bd5 14.O-O f5 15.Nxd5 exd5
16.cxb6 cxb6 17.Bb5 axb4 18.axb4 Rxa1 19.Qxa1 g5 20.Qd1 gxf4 21.Rxf4 Bd6
22.Rf2 Kh8 23.Qh5 Qf6 24.g4 Qg6 25.Rxf5 Rxf5 26.Qxf5 Qxf5 27.gxf5 Kg7 28.Be1
Kf6 29.Kg2 Kxf5 30.Kh3 Ke6 31.Bg3 h6 32.Kg4 Bxg3 33.hxg3 Kf6 34.Kh5 Kg7 35.g4
Kh7 36.g5 {#r} 1-0